The vegetable encyclopedia and garden´s guide (Record no. 6705)

MARC details
000 -CABECERA
campo de control de longitud fija 00757nam a2200241 a 4500
001 - NÚMERO DE CONTROL
campo de control BRCA_7024
005 - FECHA Y HORA DE LA ÚLTIMA TRANSACCIÓN
campo de control 20190320205700.0
008 - DATOS DE LONGITUD FIJA--INFORMACIÓN GENERAL
campo de control de longitud fija 291111s1943----nyua#####d---#000-0#eng-#
041 ## - CÓDIGO DE LENGUA
Código de lengua del texto/banda sonora o título independiente eng
044 ## - CÓDIGO DEL PAÍS DE LA ENTIDAD EDITORA/PRODUCTORA
Código MARC del país nyu
050 #4 - SIGNATURA TOPOGRÁFICA DE LA BIBLIOTECA DEL CONGRESO
Número de clasificación SB320.3
Número de documento/Ítem .T53
-- 1943
100 1# - ENTRADA PRINCIPAL--NOMBRE DE PERSONA
Nombre de persona Tiedjens, Victor A.
9 (RLIN) 17469
245 10 - MENCIÓN DE TÍTULO
Título The vegetable encyclopedia and garden´s guide
Mención de responsabilidad, etc. Víctor A. Tiedjens ; illustred by Tabea Hofmann
260 ## - PUBLICACIÓN, DISTRIBUCIÓN, ETC.
Lugar de publicación, distribución, etc. Nueva York
Nombre del editor, distribuidor, etc. The New Home Library
Fecha de publicación, distribución, etc. 1943
300 ## - DESCRIPCIÓN FÍSICA
Extensión 307 p.
Otras características físicas il.
Dimensiones 21 cm.
500 ## - NOTA GENERAL
Nota general Diccionario inventariado por Banco de México como libro
500 ## - NOTA GENERAL
Nota general I172
650 14 - PUNTO DE ACCESO ADICIONAL DE MATERIA--TÉRMINO DE MATERIA
Término de materia o nombre geográfico como elemento de entrada Hortalizas
Subdivisión general Diccionarios
9 (RLIN) 17470
650 14 - PUNTO DE ACCESO ADICIONAL DE MATERIA--TÉRMINO DE MATERIA
Término de materia o nombre geográfico como elemento de entrada Jardinería
Subdivisión general Diccionarios
9 (RLIN) 17021
700 1# - PUNTO DE ACCESO ADICIONAL--NOMBRE DE PERSONA
Nombre de persona Hofmann, Tabea
Término indicativo de función/relación il.
9 (RLIN) 17471
902 ## - CATALOGADOR
Iniciales GFM
942 ## - ELEMENTOS DE PUNTO DE ACCESO ADICIONAL (KOHA)
Fuente del sistema de clasificación o colocación Library of Congress Classification
Tipo de ítem Koha Libros
Holdings
Estado de retiro Estado de pérdida Estado dañado No para préstamo Localización permanente Ubicación/localización actual Fecha de adquisición Número de inventario Total de préstamos Signatura topográfica completa Código de barras Fecha visto por última vez Precio válido a partir de Tipo de ítem Koha
El ejemplar forma parte de la colección y puede ser consultado según las políticas vigentes.       Biblioteca del Museo Franz Mayer (Rogerio Casas-Alatriste) Biblioteca del Museo Franz Mayer (Rogerio Casas-Alatriste) 29/11/2011 I172   SB320.3 .T53 1943 (I172) 7471 22/03/2019 22/03/2019 Libros